[Event "FIDE Chesscom Grand Swiss 2019"]
[Site "Douglas-Isle of Man"]
[Date "2019.10.13"]
[Round "4.34"]
[White "Xiong, Jeffery"]
[Black "Akobian, Varuzhan"]
[Result "1/2-1/2"]
[WhiteElo "2708"]
[BlackElo "2625"]
[Annotator "TA"]
[PlyCount "83"]
[EventDate "2019.10.10"]
[EventType "swiss"]
[EventCountry "GBR"]
[SourceTitle "playchess.com"]
[Source "ChessBase"]
[SourceQuality "1"]

{[%evp 17,83,17,25,15,32,23,19,14,31,27,42,36,37,0,39,37,42,39,39,39,39,46,37,42,53,19,39,36,22,35,56,0,0,0,0,0,0,0,0,0,0,-25,-20,-31,0,0,0,0,0,0,0,0,0,0,0,0,0,0,0,0,0,0,0,0,0,0,0,0]} 1. d4 d5 2. c4 e6 3. Nf3 Nf6 4. g3 Bb4+ 5. Bd2 Be7 6. Bg2 O-O 7. O-O Nbd7 8. Qc2 Ne4 9. Bf4 c6 10. h4 {E08: Closed Catalan: Main Line: 7 Qc2} (10. Nc3 g5 11. Be3 Nd6 12. b3 Nf5 13. Bd2 g4 14. Ne1 Nxd4 15. Qd1 Bf6 16. e3 Nf3+ 17. Nxf3 gxf3 18. Qxf3 {1-0 (81) Grischuk,A (2766)-Nakamura,H (2754) Paris 2019}) 10... Ndf6 11. Nc3 Nxc3 12. bxc3 $146 ({Predecessor:} 12. Qxc3 b6 13. Ne5 Bb7 14. b4 a5 15. c5 axb4 16. Qxb4 Ra6 17. Rfb1 Ba8 {1-0 (62) Ilonen,I (2228)-Jones,I (2256) ICCF email 2016}) 12... b6 13. Ne5 Bb7 14. a4 Nd7 15. Nd3 Qc8 16. cxd5 cxd5 17. Rfc1 h6 18. c4 dxc4 19. Qxc4 Bxg2 20. Kxg2 Nf6 21. Ne5 Nd5 22. Bd2 Bd6 23. e4 Nf6 24. f3 ({Better is} 24. Qb5 $1 $14 Qb7 25. f3) 24... Bxe5 $1 $11 25. dxe5 Nd7 26. Qb5 Qb7 27. a5 a6 28. Qb2 b5 29. Bb4 Rfc8 30. Qd4 Rxc1 31. Rxc1 {The position is equal.} Rc8 32. Rd1 Rc7 33. Qd6 Kh7 34. Kh3 Qc8 35. h5 Nb8 {[#] aiming for ...Rd7.} 36. Qb6 $1 Nd7 37. Qd6 Qb7 38. Rd2 Nb8 39. Qb6 Qc8 40. Rd1 Rd7 41. Rd6 Rc7 42. Rd1 {Accuracy: White = 76%, Black = 72%.} 1/2-1/2

[Event "FIDE Chesscom Grand Swiss 2019"]
[Site "Douglas-Isle of Man"]
[Date "2019.10.13"]
[Round "4.34"]
[White "Houska, Jovanka"]
[Black "Boruchovsky, Avital"]
[Result "1/2-1/2"]
[WhiteElo "2430"]
[BlackElo "2533"]
[Annotator "ChessBase"]
[PlyCount "90"]
[EventDate "2019.10.10"]
[EventType "swiss"]
[EventCountry "GBR"]
[SourceTitle "playchess.com"]
[Source "ChessBase"]
[SourceQuality "1"]
[TimeControl "40/6000+30:20/3000+30:900+30"]

1. d4 {[%emt 0:00:00]} e6 {[%emt 0:00:00]} 2. c4 {[%emt 0:00:00]} Bb4+ {[%emt 0:00:13]} 3. Bd2 {[%emt 0:00:23]} a5 {[%emt 0:00:15]} 4. g3 {[%emt 0:00:20]} Nf6 {[%emt 0:02:23]} 5. Bg2 {[%emt 0:00:38]} d5 {[%emt 0:00:48]} 6. Qc2 {[%emt 0:06:12]} O-O {[%emt 0:05:49]} 7. Nf3 {[%emt 0:03:55]} b6 {[%emt 0:00:43]} 8. cxd5 {[%emt 0:04:34]} exd5 {[%emt 0:00:13]} 9. O-O {[%emt 0:01:44]} Be7 {[%emt 0:00:42]} 10. Ne5 {[%emt 0:01:33]} Bb7 {[%emt 0:05:00]} 11. Nc3 {[%emt 0:04:39]} Nbd7 {[%emt 0:03:01]} 12. Rfd1 {[%emt 0:04:54]} Rc8 {[%emt 0:07:00]} 13. Bf4 {[%emt 0:10:03]} Re8 {[%emt 0:12:01]} 14. Nb5 {[%emt 0:17:35]} Bd6 {[%emt 0:00:36]} 15. Na7 {[%emt 0:03:31]} Ra8 {[%emt 0:00:34]} 16. Nec6 {[%emt 0:01:41]} Bxc6 {[%emt 0:00:11]} 17. Nxc6 {[%emt 0:00:03]} Qc8 {[%emt 0:00:05]} 18. Rac1 {[%emt 0:08:06]} Qb7 {[%emt 0:27:03]} 19. e3 {[%emt 0:08:15]} Bxf4 {[%emt 0:11:56]} 20. gxf4 {[%emt 0:00:21]} Nf8 {[%emt 0:06:24]} 21. b4 {[%emt 0:03:26]} axb4 {[%emt 0:06:22]} 22. Nxb4 {[%emt 0:00:04]} Ra7 {[%emt 0:03:50]} 23. Qc6 {[%emt 0:01:01]} Qc8 {[%emt 0:00:01]} 24. Nxd5 {[%emt 0:00:57]} Nxd5 {[%emt 0:00:06]} 25. Qxd5 {[%emt 0:00:06]} Re6 {[%emt 0:00:53]} 26. Rd2 {[%emt 0:08:42]} Rg6 {[%emt 0:00:59]} 27. Rdc2 {[%emt 0:01:44]} Qg4 {[%emt 0:01:30]} 28. h3 {[%emt 0:02:10]} Qc8 {[%emt 0:02:33]} 29. f5 {[%emt 0:01:21]} Rg5 {[%emt 0:01:05]} 30. h4 {[%emt 0:05:58]} Rxf5 {[%emt 0:00:18]} 31. Rxc7 {[%emt 0:00:09]} Rxc7 {[%emt 0:00:54]} 32. Rxc7 {[%emt 0:00:01]} Qxc7 {[%emt 0:00:44]} 33. Qxf5 {[%emt 0:00:03]} g6 {[%emt 0:01:41]} 34. Qf6 {[%emt 0:01:06]} Qc1+ {[%emt 0:00:05]} 35. Kh2 {[%emt 0:00:05]} Qc7+ {[%emt 0:01:05]} 36. f4 {[%emt 0:01:06]} Qc3 {[%emt 0:01:37]} 37. Qe5 {[%emt 0:04:37]} Qe1 {[%emt 0:00:16]} 38. Kh3 {[%emt 0:01:49]} h5 {[%emt 0:00:10]} 39. f5 {[%emt 0:01:37]} Qe2 {[%emt 0:01:03]} 40. Qg3 {[%emt 0:02:40]} Qxa2 {[%emt 0:00:26]} 41. Bf3 {[%emt 0:05:19]} Qb1 {[%emt 0:04:01]} 42. fxg6 {[%emt 0:05:12]} Nxg6 {[%emt 0:02:05]} 43. Qg5 {[%emt 0:07:44]} Qf1+ {[%emt 0:01:39]} 44. Bg2 {[%emt 0:00:03]} Qd3 {[%emt 0:00:33]} 45. Bf3 {[%emt 0:03:13]} Qf1+ {[%emt 0:00:33]} 1/2-1/2

[Event "FIDE Chesscom Grand Swiss 2019"]
[Site "Douglas-Isle of Man"]
[Date "2019.10.13"]
[Round "4.35"]
[White "Baron, Tal"]
[Black "Dahl, Baard"]
[Result "1-0"]
[WhiteElo "2531"]
[BlackElo "2067"]
[Annotator "ChessBase"]
[PlyCount "57"]
[EventDate "2019.10.10"]
[EventType "swiss"]
[EventCountry "GBR"]
[SourceTitle "playchess.com"]
[Source "ChessBase"]
[SourceQuality "1"]
[TimeControl "40/6000+30:20/3000+30:900+30"]

1. d4 {[%emt 0:00:00]} Nf6 {[%emt 0:00:00]} 2. Nf3 {[%emt 0:00:00]} g6 {[%emt 0:00:00]} 3. Nbd2 {[%emt 0:00:14]} d5 {[%emt 0:00:00]} 4. b4 {[%emt 0:02:35]} Bg7 {[%emt 0:00:05]} 5. c4 {[%emt 0:00:20]} a5 {[%emt 0:04:49]} 6. b5 {[%emt 0:03:34]} dxc4 {[%emt 0:01:39]} 7. Bb2 {[%emt 0:14:55]} Bf5 {[%emt 0:15:20]} 8. Ne5 {[%emt 0:09:09]} Ng4 {[%emt 0:29:58]} 9. e4 {[%emt 0:12:25]} Nxe5 {[%emt 0:00:14]} 10. dxe5 {[%emt 0:00:09]} Be6 {[%emt 0:02:06]} 11. Bxc4 {[%emt 0:00:10]} Qd7 {[%emt 0:10:21]} 12. a4 {[%emt 0:04:45]} Bh6 {[%emt 0:06:35]} 13. Be2 {[%emt 0:04:10]} O-O {[%emt 0:00:37]} 14. Nf3 {[%emt 0:04:43]} Qxd1+ {[%emt 0:01:10]} 15. Rxd1 {[%emt 0:01:40]} Bb3 {[%emt 0:06:46]} 16. Ra1 {[%emt 0:05:21]} Bc2 {[%emt 0:00:18]} 17. e6 {[%emt 0:00:56]} Bxe4 {[%emt 0:02:03]} 18. Bc4 {[%emt 0:00:16]} Rd8 {[%emt 0:05:56]} 19. Ne5 {[%emt 0:11:14]} fxe6 {[%emt 0:01:59]} 20. Bxe6+ {[%emt 0:01:42]} Kf8 {[%emt 0:00:01]} 21. Nf7 {[%emt 0:01:03]} Rd2 {[%emt 0:01:11]} 22. Bc1 {[%emt 0:20:03]} Bg7 {[%emt 0:00:10]} 23. Bxd2 {[%emt 0:01:49]} Bxa1 {[%emt 0:00:05]} 24. Ke2 {[%emt 0:01:26]} Bg7 {[%emt 0:01:05]} 25. Ng5 {[%emt 0:00:24]} Bf5 {[%emt 0:05:22]} 26. Bxf5 {[%emt 0:00:36]} gxf5 {[%emt 0:00:02]} 27. Ne6+ {[%emt 0:00:06]} Kf7 {[%emt 0:00:18]} 28. Nxc7 {[%emt 0:00:05]} Ra7 {[%emt 0:01:17]} 29. b6 {[%emt 0:00:06]} 1-0

[Event "FIDE Chesscom Grand Swiss 2019"]
[Site "Douglas-Isle of Man"]
[Date "2019.10.13"]
[Round "4.36"]
[White "Rakotomaharo, Fy Antenaina"]
[Black "Movsesian, Sergei"]
[Result "1-0"]
[WhiteElo "2428"]
[BlackElo "2654"]
[Annotator "TA"]
[PlyCount "71"]
[EventDate "2019.10.10"]
[EventType "swiss"]
[EventCountry "GBR"]
[SourceTitle "playchess.com"]
[Source "ChessBase"]
[SourceQuality "1"]

{[%evp 13,71,4,10,0,0,0,31,27,30,32,31,35,37,36,47,42,74,40,47,58,53,56,59,46,97,98,103,97,97,97,97,97,122,119,189,100,117,112,158,167,166,143,142,157,170,118,110,68,133,121,331,323,1234,1024,1664,1435,2641,2648,1936,1867]} 1. e4 c5 2. Nf3 e6 3. d4 cxd4 4. Nxd4 Nc6 5. Nc3 a6 6. Nxc6 bxc6 7. e5 Qc7 8. Qe2 {B46: Sicilian: Taimanov: 5 Nc3 a6} Rb8 9. g3 Ne7 10. Ne4 {Threatens to win with Nd6+.White is slightly better.} Nf5 11. c3 c5 $146 ({Predecessor:} 11... Rb5 12. Bf4 Rxe5 13. Bh3 d5 14. Bxf5 exf5 15. Bxe5 Qxe5 {1-0 (26) Svidler,P (2726)-Cossin,S (2471) Le Port Marly 2009}) 12. Bg2 Bb7 13. O-O Bc6 14. Re1 Qb6 15. Bf4 Be7 16. b3 O-O 17. Qh5 Rbd8 18. Rad1 f6 (18... g6 $14 19. Qe2 a5) 19. exf6 $16 Bxf6 20. Nxf6+ gxf6 21. Bh3 Ng7 22. Qg4 Rf7 23. Rd6 Kh8 {[#]} (23... Rc8 $16) 24. Qd1 (24. Bg2 $1 $18) 24... Ne8 25. Rd2 {Hoping for Bxe6!} e5 26. Qh5 Re7 27. c4 d6 28. Bh6 Ba8 29. Qh4 (29. f4 $18) 29... Qb7 {[%csl Ga8][%cal Rb7h1]} 30. Rd5 $40 {[%mdl 128] White has some attack.} Qb4 (30... Qb6 $14) 31. Bd2 Qa3 $2 (31... Qb7 $16 32. Bf5 Rg7) 32. Qh6 $18 {[%cal Rh6f8]} Kg8 $2 {[#]} (32... Rf7 33. Bf5 Bxd5) 33. Re4 $1 {[%mdl 512] White wants to mate with Be6+!White is clearly winning.} Ng7 34. Qxf6 {White threatens Rg4! and mate.} Rde8 {[#]} 35. Rg4 $1 {[%mdl 512] Intending Bh6! and mate.} Qxa2 {[#]} 36. Bh6 $1 {[%mdl 512] Accuracy: White = 64%, Black = 24%.} 1-0

[Event "FIDE Chesscom Grand Swiss 2019"]
[Site "Douglas-Isle of Man"]
[Date "2019.10.13"]
[Round "4.37"]
[White "Hess, Robert"]
[Black "Solomon, Kenny"]
[Result "1-0"]
[WhiteElo "2581"]
[BlackElo "2382"]
[Annotator "RC"]
[PlyCount "109"]
[EventDate "2019.10.10"]
[EventType "swiss"]
[EventCountry "GBR"]
[SourceTitle "playchess.com"]
[Source "ChessBase"]
[SourceQuality "1"]
[TimeControl "40/6000+30:20/3000+30:900+30"]

1. d4 {[%emt 0:00:00]} Nf6 {[%emt 0:00:00]} 2. c4 {[%emt 0:00:00]} e6 {[%emt 0:00:00]} 3. Nc3 {[%emt 0:00:00]} Bb4 {[%emt 0:00:00]} 4. g3 {[%emt 0:02:12]} O-O {[%emt 0:03:00]} 5. Bg2 {[%emt 0:00:08]} d5 {[%emt 0:00:16]} 6. Nf3 {[%emt 0:00:47]} dxc4 {[%emt 0:01:04]} 7. O-O {[%emt 0:00:21]} Nc6 {[%emt 0:01:34]} 8. Qa4 {[%emt 0:04:08]} Nd5 {[%emt 0:17:33]} 9. Qc2 {[%emt 0:01:57]} Be7 {[%emt 0:06:50]} 10. Rd1 {[%emt 0:05:00]} f6 {[%emt 0:08:13]} 11. e4 {[%emt 0:22:02]} Nb6 {[%emt 0:20:47]} 12. Qe2 {[%emt 0:08:27]} Qe8 {[%emt 0:00:31]} 13. Bf4 {[%emt 0:08:59]} Bd8 {[%emt 0:05:00]} 14. Be3 {[%emt 0:14:17]} Qh5 {[%emt 0:11:05]} 15. d5 {[%emt 0:16:01]} exd5 {[%emt 0:09:16]} 16. Nxd5 {[%emt 0:00:06]} Ne5 {[%emt 0:00:59]} 17. Nf4 {[%emt 0:01:46]} Qf7 {[%emt 0:00:41]} 18. Nd4 {[%emt 0:06:23]} Bg4 {[%emt 0:03:59]} 19. f3 {[%emt 0:00:29]} Bd7 {[%emt 0:00:05]} 20. Nf5 {[%emt 0:01:48]} Re8 {[%emt 0:05:12]} 21. g4 {[%emt 0:00:17]} Be7 {[%emt 0:01:45]} 22. Nxe7+ {[%emt 0:10:26]} Qxe7 {[%emt 0:00:10]} 23. b3 {[%emt 0:00:27]} Rad8 {[%emt 0:05:08]} 24. bxc4 {[%emt 0:02:27]} Nexc4 {[%emt 0:03:44]} 25. Nd5 {[%emt 0:01:48]} Qf7 {[%emt 0:00:19]} 26. Nxc7 {[%emt 0:01:19]} Ba4 {[%emt 0:01:52]} 27. Nxe8 {[%emt 0:01:17]} Bxd1 {[%emt 0:03:00]} 28. Rxd1 {[%emt 0:00:04]} Rxd1+ {[%emt 0:00:48]} 29. Qxd1 {[%emt 0:00:06]} Nxe3 {[%emt 0:01:03]} 30. Qd8 {[%emt 0:00:15]} Qf8 {[%emt 0:00:12]} 31. Bh3 {[%emt 0:01:41]} h6 {[%emt 0:00:41]} 32. Kf2 {[%emt 0:00:31]} Nec4 {[%emt 0:00:24]} 33. g5 {[%emt 0:00:27]} hxg5 {[%emt 0:00:46]} 34. Be6+ {[%emt 0:00:17]} Kh8 {[%emt 0:00:23]} 35. Nd6 {[%emt 0:00:45]} Qxd8 {[%emt 0:00:33]} 36. Nf7+ {[%emt 0:00:05]} Kh7 {[%emt 0:00:02]} 37. Nxd8 {[%emt 0:00:07]} Nd6 {[%emt 0:00:26]} 38. Ke3 {[%emt 0:00:12]} Nbc4+ {[%emt 0:00:58]} 39. Kd4 {[%emt 0:00:22]} b5 {[%emt 0:00:33]} 40. Kc5 {[%emt 0:00:41]} a6 {[%emt 0:00:24]} 41. Nc6 {[%emt 0:04:06]} Nb7+ {[%emt 0:05:44]} 42. Kd4 {[%emt 0:01:54]} Nb6 {[%emt 0:09:02]} 43. Nb4 {[%emt 0:04:43]} a5 {[%emt 0:00:58]} 44. Nd5 {[%emt 0:04:57]} Nc4 {[%emt 0:01:23]} 45. Nc7 {[%emt 0:17:38]} Ne5 {[%emt 0:04:20]} 46. Bd5 {[%emt 0:00:17]} Nd8 {[%emt 0:04:34]} 47. Nxb5 {[%emt 0:00:29]} Nxf3+ {[%emt 0:00:28]} 48. Kc5 {[%emt 0:00:22]} g4 {[%emt 0:11:11]} 49. Kb6 {[%emt 0:02:02]} Kg6 {[%emt 0:08:26]} 50. Kxa5 {[%emt 0:02:14]} Nxh2 {[%emt 0:00:05]} 51. Kb6 {[%emt 0:04:55]} Nf3 {[%emt 0:05:52]} 52. a4 {[%emt 0:05:26]} g3 {[%emt 0:03:16]} 53. Nc3 {[%emt 0:00:05]} Nd4 {[%emt 0:00:02]} 54. e5 {[%emt 0:00:16]} fxe5 {[%emt 0:01:50]} 55. a5 {[%emt 0:00:33]} 1-0

[Event "FIDE Chesscom Grand Swiss 2019"]
[Site "Douglas-Isle of Man"]
[Date "2019.10.13"]
[Round "4.38"]
[White "Zatonskih, Anna"]
[Black "Paehtz, Elisabeth"]
[Result "1-0"]
[WhiteElo "2422"]
[BlackElo "2489"]
[Annotator "ChessBase"]
[PlyCount "83"]
[EventDate "2019.10.10"]
[EventType "swiss"]
[EventCountry "GBR"]
[SourceTitle "playchess.com"]
[Source "ChessBase"]
[SourceQuality "1"]
[TimeControl "40/6000+30:20/3000+30:900+30"]

1. d4 {[%emt 0:00:00]} e6 {[%emt 0:00:00]} 2. c4 {[%emt 0:00:47]} b6 {[%emt 0:00:00]} 3. e4 {[%emt 0:01:16]} Bb7 {[%emt 0:01:04]} 4. Bd3 {[%emt 0:02:15]} Nc6 {[%emt 0:00:05]} 5. Nf3 {[%emt 0:11:43]} Nb4 {[%emt 0:00:58]} 6. O-O {[%emt 0:00:09]} Nxd3 {[%emt 0:01:01]} 7. Qxd3 {[%emt 0:00:03]} Ne7 {[%emt 0:00:24]} 8. Nc3 {[%emt 0:18:41]} Ng6 {[%emt 0:02:11]} 9. Be3 {[%emt 0:04:38]} Be7 {[%emt 0:12:50]} 10. d5 {[%emt 0:08:46]} O-O {[%emt 0:03:00]} 11. Nd4 {[%emt 0:06:26]} c5 {[%emt 0:18:18]} 12. Nf3 {[%emt 0:09:47]} d6 {[%emt 0:02:44]} 13. Rad1 {[%emt 0:10:24]} a6 {[%emt 0:07:09]} 14. Rb1 {[%emt 0:02:20]} Bc8 {[%emt 0:07:34]} 15. b4 {[%emt 0:05:27]} Bf6 {[%emt 0:06:58]} 16. bxc5 {[%emt 0:04:09]} bxc5 {[%emt 0:00:11]} 17. dxe6 {[%emt 0:01:36]} fxe6 {[%emt 0:01:16]} 18. Nd5 {[%emt 0:04:48]} Be5 {[%emt 0:06:35]} 19. Nb6 {[%emt 0:00:04]} Rxf3 {[%emt 0:07:09]} 20. Nxa8 {[%emt 0:04:33]} Qh4 {[%emt 0:17:32]} 21. g3 {[%emt 0:00:04]} Qh3 {[%emt 0:00:21]} 22. Rfd1 {[%emt 0:01:30]} Rf8 {[%emt 0:04:40]} 23. Qf1 {[%emt 0:01:28]} Qg4 {[%emt 0:00:12]} 24. Qg2 {[%emt 0:02:23]} Bb7 {[%emt 0:00:52]} 25. h3 {[%emt 0:01:30]} Qe2 {[%emt 0:03:45]} 26. Rd2 {[%emt 0:03:46]} Qxc4 {[%emt 0:00:07]} 27. Rxb7 {[%emt 0:00:02]} Rxa8 {[%emt 0:00:10]} 28. f4 {[%emt 0:00:26]} Qc3 {[%emt 0:02:30]} 29. Rb3 {[%emt 0:02:19]} Qa1+ {[%emt 0:00:20]} 30. Kh2 {[%emt 0:01:25]} c4 {[%emt 0:00:55]} 31. Rb7 {[%emt 0:00:07]} c3 {[%emt 0:00:58]} 32. Rc2 {[%emt 0:00:51]} Qd1 {[%emt 0:00:18]} 33. fxe5 {[%emt 0:01:13]} Nxe5 {[%emt 0:00:04]} 34. Rf2 {[%emt 0:02:43]} Rc8 {[%emt 0:01:23]} 35. Qf1 {[%emt 0:00:00]} Qh5 {[%emt 0:01:57]} 36. Kg1 {[%emt 0:00:00]} Qg6 {[%emt 0:00:03]} 37. Rc7 {[%emt 0:00:14]} Rb8 {[%emt 0:02:12]} 38. Rxc3 {[%emt 0:00:01]} Qxe4 {[%emt 0:00:05]} 39. Rf4 {[%emt 0:00:41]} Qd5 {[%emt 0:00:19]} 40. Rb3 {[%emt 0:00:46]} Rc8 {[%emt 0:00:13]} 41. Rc3 {[%emt 0:05:50]} Rb8 {[%emt 0:00:54]} 42. Rc7 {[%emt 0:04:29]} 1-0

[Event "FIDE Chesscom Grand Swiss 2019"]
[Site "Douglas-Isle of Man"]
[Date "2019.10.13"]
[Round "4.39"]
[White "Ushenina, Anna"]
[Black "Kolbus, Dietmar"]
[Result "1-0"]
[WhiteElo "2431"]
[BlackElo "2300"]
[Annotator "ChessBase"]
[PlyCount "199"]
[EventDate "2019.10.10"]
[EventType "swiss"]
[EventCountry "GBR"]
[SourceTitle "playchess.com"]
[Source "ChessBase"]
[SourceQuality "1"]
[TimeControl "40/6000+30:20/3000+30:900+30"]

1. d4 {[%emt 0:00:00]} d5 {[%emt 0:00:00]} 2. c4 {[%emt 0:00:11]} c6 {[%emt 0:00:00]} 3. Nf3 {[%emt 0:03:16]} Nf6 {[%emt 0:00:00]} 4. Nc3 {[%emt 0:00:20]} dxc4 {[%emt 0:01:16]} 5. a4 {[%emt 0:00:22]} Bf5 {[%emt 0:00:17]} 6. e3 {[%emt 0:00:42]} Bd3 {[%emt 0:00:00]} 7. Bxd3 {[%emt 0:00:36]} cxd3 {[%emt 0:00:00]} 8. Qxd3 {[%emt 0:01:05]} e6 {[%emt 0:00:00]} 9. O-O {[%emt 0:01:49]} Be7 {[%emt 0:01:28]} 10. e4 {[%emt 0:03:39]} Na6 {[%emt 0:04:57]} 11. Rd1 {[%emt 0:09:40]} Nb4 {[%emt 0:00:47]} 12. Qe2 {[%emt 0:01:32]} a5 {[%emt 0:01:22]} 13. Ne5 {[%emt 0:04:10]} O-O {[%emt 0:00:40]} 14. Be3 {[%emt 0:00:59]} Nd7 {[%emt 0:01:37]} 15. Nc4 {[%emt 0:00:29]} Ra6 {[%emt 0:24:41]} 16. Rd2 {[%emt 0:02:58]} Re8 {[%emt 0:08:26]} 17. Rad1 {[%emt 0:01:51]} Bf8 {[%emt 0:09:44]} 18. Bf4 {[%emt 0:05:54]} Nb6 {[%emt 0:02:19]} 19. Ne3 {[%emt 0:01:02]} Bd6 {[%emt 0:03:29]} 20. Bg3 {[%emt 0:04:09]} Ra8 {[%emt 0:05:10]} 21. Qh5 {[%emt 0:02:58]} Qd7 {[%emt 0:15:42]} 22. b3 {[%emt 0:01:28]} Qd8 {[%emt 0:02:24]} 23. Ne2 {[%emt 0:05:12]} Qd7 {[%emt 0:04:01]} 24. Ng4 {[%emt 0:02:24]} Bxg3 {[%emt 0:02:36]} 25. hxg3 {[%emt 0:07:42]} f6 {[%emt 0:00:50]} 26. Qc5 {[%emt 0:02:32]} Ra6 {[%emt 0:01:18]} 27. Ne3 {[%emt 0:03:17]} Qe7 {[%emt 0:01:06]} 28. g4 {[%emt 0:02:08]} Nd7 {[%emt 0:01:48]} 29. Qc4 {[%emt 0:01:10]} Nb6 {[%emt 0:00:33]} 30. Qc3 {[%emt 0:00:33]} Raa8 {[%emt 0:01:26]} 31. Ng3 {[%emt 0:03:20]} Qf8 {[%emt 0:04:16]} 32. Nh5 {[%emt 0:05:41]} Qe7 {[%emt 0:02:56]} 33. f3 {[%emt 0:05:25]} Qf8 {[%emt 0:01:44]} 34. Qc5 {[%emt 0:10:30]} Nd7 {[%emt 0:00:18]} 35. Qc3 {[%emt 0:01:30]} Nb6 {[%emt 0:00:02]} 36. Kf2 {[%emt 0:00:41]} Qe7 {[%emt 0:00:15]} 37. Nf4 {[%emt 0:00:59]} Qc7 {[%emt 0:04:08]} 38. g3 {[%emt 0:00:53]} Qe7 {[%emt 0:00:34]} 39. Rh1 {[%emt 0:00:45]} Rad8 {[%emt 0:00:25]} 40. Rh5 {[%emt 0:01:54]} Ra8 {[%emt 0:01:30]} 41. Rd1 {[%emt 0:56:40]} Red8 {[%emt 0:14:50]} 42. Kg2 {[%emt 0:00:00]} Re8 {[%emt 0:07:02]} 43. Ne2 {[%emt 0:00:00]} Nd7 {[%emt 0:09:04]} 44. Rdh1 {[%emt 0:00:00]} h6 {[%emt 0:00:16]} 45. Nc4 {[%emt 0:00:00]} b6 {[%emt 0:00:07]} 46. Nf4 {[%emt 0:00:00]} c5 {[%emt 0:06:41]} 47. d5 {[%emt 0:00:00]} exd5 {[%emt 0:01:01]} 48. Nxd5 {[%emt 0:00:00]} Nxd5 {[%emt 0:00:26]} 49. Rxd5 {[%emt 0:00:00]} Reb8 {[%emt 0:01:27]} 50. Rhd1 {[%emt 0:00:00]} Ra7 {[%emt 0:00:20]} 51. Qd3 {[%emt 0:00:00]} Nf8 {[%emt 0:00:35]} 52. Ne3 {[%emt 0:02:43]} Ne6 {[%emt 0:10:28]} 53. Nf5 {[%emt 0:00:34]} Qe8 {[%emt 0:00:27]} 54. e5 {[%emt 0:01:11]} Qf7 {[%emt 0:05:42]} 55. Qc4 {[%emt 0:07:51]} fxe5 {[%emt 0:02:36]} 56. Rxe5 {[%emt 0:00:07]} Nd4 {[%emt 0:01:00]} 57. Nxd4 {[%emt 0:02:34]} Qxc4 {[%emt 0:00:18]} 58. bxc4 {[%emt 0:00:03]} cxd4 {[%emt 0:00:07]} 59. Rxd4 {[%emt 0:00:00]} Rc8 {[%emt 0:00:19]} 60. Re6 {[%emt 0:01:38]} Rac7 {[%emt 0:07:13]} 61. Ree4 {[%emt 0:06:52]} Rc6 {[%emt 0:00:00]} 62. Kf2 {[%emt 0:00:14]} R8c7 {[%emt 0:00:00]} 63. Ke3 {[%emt 0:00:08]} Kf7 {[%emt 0:00:00]} 64. Kd3 {[%emt 0:00:22]} Kf6 {[%emt 0:00:00]} 65. Rd5 {[%emt 0:00:29]} Kf7 {[%emt 0:00:00]} 66. Red4 {[%emt 0:01:31]} Ke7 {[%emt 0:00:00]} 67. Rf5 {[%emt 0:01:39]} Re6 {[%emt 0:00:00]} 68. Rdd5 {[%emt 0:00:18]} Re1 {[%emt 0:01:45]} 69. Rfe5+ {[%emt 0:00:11]} Rxe5 {[%emt 0:00:07]} 70. Rxe5+ {[%emt 0:00:00]} Kd6 {[%emt 0:00:10]} 71. Rd5+ {[%emt 0:00:15]} Kc6 {[%emt 0:00:16]} 72. g5 {[%emt 0:00:18]} hxg5 {[%emt 0:02:17]} 73. Rxg5 {[%emt 0:00:01]} Re7 {[%emt 0:00:41]} 74. f4 {[%emt 0:00:37]} Kd6 {[%emt 0:00:31]} 75. Kd4 {[%emt 0:00:26]} Kc6 {[%emt 0:00:22]} 76. Rg6+ {[%emt 0:00:19]} Kb7 {[%emt 0:00:30]} 77. g4 {[%emt 0:00:33]} Rd7+ {[%emt 0:00:36]} 78. Ke5 {[%emt 0:00:33]} Rc7 {[%emt 0:00:07]} 79. Kd5 {[%emt 0:00:57]} Rd7+ {[%emt 0:00:26]} 80. Rd6 {[%emt 0:00:17]} Re7 {[%emt 0:00:35]} 81. f5 {[%emt 0:00:09]} Kc7 {[%emt 0:00:17]} 82. Rc6+ {[%emt 0:00:13]} Kb7 {[%emt 0:00:04]} 83. Re6 {[%emt 0:03:07]} Rd7+ {[%emt 0:00:08]} 84. Rd6 {[%emt 0:01:32]} Re7 {[%emt 0:00:06]} 85. g5 {[%emt 0:00:25]} Kc7 {[%emt 0:00:15]} 86. Rc6+ {[%emt 0:00:18]} Kb7 {[%emt 0:00:06]} 87. Kd6 {[%emt 0:04:56]} Rf7 {[%emt 0:00:16]} 88. Ke6 {[%emt 0:00:12]} Rxf5 {[%emt 0:00:29]} 89. Rxb6+ {[%emt 0:00:06]} Kxb6 {[%emt 0:00:08]} 90. Kxf5 {[%emt 0:00:03]} Kc5 {[%emt 0:00:07]} 91. Kg6 {[%emt 0:00:03]} Kxc4 {[%emt 0:00:05]} 92. Kxg7 {[%emt 0:00:02]} Kb3 {[%emt 0:00:03]} 93. g6 {[%emt 0:00:03]} Kxa4 {[%emt 0:00:05]} 94. Kh6 {[%emt 0:00:42]} Ka3 {[%emt 0:00:25]} 95. g7 {[%emt 0:00:04]} a4 {[%emt 0:00:04]} 96. g8=Q {[%emt 0:00:04]} Kb2 {[%emt 0:00:06]} 97. Qg2+ {[%emt 0:00:23]} Kb3 {[%emt 0:00:10]} 98. Qd5+ {[%emt 0:00:18]} Kb2 {[%emt 0:00:32]} 99. Qd4+ {[%emt 0:00:04]} Kb3 {[%emt 0:00:06]} 100. Qa1 {[%emt 0:00:04]} 1-0